000
00258nam a22001097a 4500
008
170117b xxu||||| |||| 00| 0 eng d
020
_a
9780763759346
041
_a
eng
080
_a
618.2
245
_a
CCRN CERTIFICATION REVIEW
_c
BRORSEN, A.J
942
_2
udc
_c
BK
999
_c
3011
_d
3011